000 005240000a22001810004500
003 MACL
005 20160227134202.0
008 160227b xxu||||| |||| 00| 0 eng d
040 _aMACL
_cMACL
041 _aHindi
082 _a800
100 _aशिवसागर मिश्र
_940930
245 _aदिनकर
_bएक सहज पुरूष
260 _bप्रभात प्रकाशन
_c1981
_aदिल्‍ली
350 _a80
650 _aLiteracture
_939932
942 _cHIN
_k800
_2ddc
999 _c27666
_d27666